| 000 | 00516cam a2200205ua 4500 | ||
|---|---|---|---|
| 020 | _c16.00 | ||
| 041 |
_amal _h |
||
| 082 |
_a578.4 _bGRA/SU |
||
| 100 | _aGray, Peter . | ||
| 245 |
_aSukshmadarsana prayoga sahayi / _cPeter Gray. _hTextual Documents |
||
| 260 |
_aThiruvananthapuram : _bState Instititute of Languages , _c1975. |
||
| 300 | _a347 ; . | ||
| 365 | _a16.00 | ||
| 504 | _a | ||
| 942 | _cBK | ||
| 999 |
_c6180 _d6180 |
||